Kadra rep. Polski na EURO 2016 - Statystyki

Ogólne statystyki
  • Ten quiz został rozwiązany 241 razy
  • Średni wynik to 19 z 24
Statystyki odpowiedzi
pozycja # klub piłkarz % Poprawnych
B 1 Roma Wojciech Szczęsny
100%
B 22 Swansea Łukasz Fabiański
98%
N (C) 9 Bayern Robert Lewandowski
98%
N 7 Ajax Arkadiusz Milik
96%
O 20 BVB Łukasz Piszczek
96%
P 10 Sevilla Grzegorz Krychowiak
95%
O 2 Legia Michał Pazdan
95%
P 16 Fiorentina Jakub Błaszczykowski
94%
O 15 Torino Kamil Glik
94%
B 12 Bournemouth Artur Boruc
92%
O 3 Legia Artur Jędrzejczyk
91%
P 11 Rennes Kamil Grosicki
91%
Selekcjoner - - Adam Nawałka
89%
P 19 Empoli Piotr Zieliński
89%
P 21 Cracovia Bartosz Kapustka
77%
O 4 Palermo Thiago Cionek
76%
P 5 Wisła K Krzysztof Mączyński
71%
P 17 Lechia Sławomir Peszko
67%
P 8 Lech Karol Linetty
61%
O 14 Lechia Jakub Wawrzyniak
58%
N 13 Ruch Mariusz Stępiński
58%
P 6 Legia Tomasz Jodłowiec
54%
P 23 Zagłębie Lubin Filip Starzyński
50%
O 18 Cagliari Bartosz Salamon
44%
Nie znaleziono quizów pasujących do podanych kryteriów
Rozkład punktacji
Procent ludzi z każdym wynikiem
Percentyl według liczby udzielonych odpowiedzi
Twoja historia wyników
Nie rozwiązałeś tego quizu